Normal view
MARC view
Entry Topical Term
001 - CONTROL NUMBER
- control field: 17379
003 - CONTROL NUMBER IDENTIFIER
- control field: ARRUPE
005 - DATE AND TIME OF LATEST TRANSACTION
- control field: 20150421115821.0
008 - FIXED-LENGTH DATA ELEMENTS
- fixed length control field: 150421|| aca||aabn | a|a d
040 ## - CATALOGING SOURCE
- Original cataloging agency: ARRUPE
- Transcribing agency: ARRUPE
150 ## - HEADING--TOPICAL TERM
- Topical term or geographic name as entry element: Aesthetics
670 ## - SOURCE DATA FOUND
- Source citation: Work cat.: (ARRUPE): French, P.A. 17377, Philosophy and the arts , 1991